000 00470nam a2200181Ia 4500
008 090124s9999 xx 000 0 und d
082 _b22164
_a1363
100 _aजोग ल.ग.
245 _a अरुपाचे रुप
250 _a1
260 _c1978
300 _a235
600 _aजोग ल.ग.
630 _a अरुपाचे रुप
700 _aजोग ल.ग.
730 _a अरुपाचे रुप
942 _cBOOK
999 _c135809
_d135809